| 000 | 01495nam a2200373 a 4500 | ||
|---|---|---|---|
| 001 | ebr10728692 | ||
| 003 | CaPaEBR | ||
| 006 | m o u | ||
| 007 | cr cn||||||||| | ||
| 008 | 060906s2005 gw sb 000 0 eng d | ||
| 010 | _z 2006482328 | ||
| 020 | _z3937202684 | ||
| 020 | _z9783110327267 | ||
| 020 | _z9783110327496 (e-book) | ||
| 040 |
_aCaPaEBR _cCaPaEBR |
||
| 035 | _a(OCoLC)854568876 | ||
| 050 | 1 | 4 |
_aHV6431 _b.E845 2005eb |
| 082 | 0 | 4 |
_a172/.4 _222 |
| 245 | 0 | 0 |
_aEthics of terrorism & counter-terrorism _h[electronic resource] / _cGeorg Meggle (ed.). |
| 246 | 3 | _aEthics of terrorism and counter-terrorism | |
| 260 |
_aFrankfurt : _bOntos, _c2005. |
||
| 300 | _a345 p. | ||
| 490 | 1 |
_aPhilosophische Forschung = _aPhilosophical research ; _vBd. 3 |
|
| 504 | _aIncludes bibliographical references. | ||
| 533 |
_aElectronic reproduction. _bPalo Alto, Calif. : _cebrary, _d2013. _nAvailable via World Wide Web. _nAccess may be limited to ebrary affiliated libraries. |
||
| 650 | 0 |
_aTerrorism _xMoral and ethical aspects. |
|
| 650 | 0 |
_aTerrorism _xPrevention _xMoral and ethical aspects. |
|
| 650 | 0 |
_aWar on Terrorism, 2001-2009 _xMoral and ethical aspects. |
|
| 655 | 7 |
_aElectronic books. _2local |
|
| 700 | 1 | _aMeggle, Georg. | |
| 710 | 2 | _aebrary, Inc. | |
| 830 | 0 |
_aPhilosophische Forschung (Frankfurt am Main, Germany) ; _vBd. 3. |
|
| 856 | 4 | 0 |
_uhttp://site.ebrary.com/lib/rucke/Doc?id=10728692 _zAn electronic book accessible through the World Wide Web; click to view |
| 999 |
_c37293 _d37293 |
||